000 01021 a2200181 4500
003 NUST
005 20230208120619.0
040 _cNust
082 _a954.91,KAD
100 _aKadri, Shameem Hussain,
_9108735
245 _aCreation of Pakistan /
_cJustice Syed Shameem Hussain Kadri,
260 _aPakistan
_bArmy Book Club
_c1983
300 _axvi, 521 p.;
_billus
_c18 cm
505 _aThe Background of Pakistan Movement (Page-1) Muslim Awakening (Page-5) Eighty years of Black Laws (Page-11) Failure of Congress in Seing the communal realities resulted in the formation of all India Muslim league (Page-17) the Government of India act (Page-35) Government of India Act 1935 (Page-73) Survey of the Functional of Provincial Governments between 1937 and 1943 (Page-111) Victory of The Quaid and The Muslim Language (Page-173) The Historic Lahore Resolution (Page-191) Draft Declaration (Page-243)
600 _aKadri, Shameem Hussain,
_9108735
650 _aCreation of pakistan
_9108736
942 _2ddc
_cBK
_k954.91,KAD
999 _c188399
_d188399